| 000 | 01286nam a2200349 i 4500 | ||
|---|---|---|---|
| 001 | 000015713 | ||
| 003 | DO-SdBNP | ||
| 005 | 20240306111550.0 | ||
| 006 | a||||gr|||| 00| 0 | ||
| 007 | ta | ||
| 008 | 100217s1945 dr 000 0 spa d | ||
| 040 |
_aDO-SdBNP _bspa _cBNPHU _erda |
||
| 082 | 4 |
_a345.729305 _bR426c, 1945 _222 |
|
| 110 | 1 |
_aRepública Dominicana. _bSenado de la República _956961 _eautor |
|
| 240 | 1 | 0 | _a[Leyes etc.] |
| 245 | 1 | 0 |
_aCódigo penal y leyes que lo modifican y lo completan / _cpreparada por Abigail A. Coiscou. |
| 250 | _a2ª edición | ||
| 264 | 1 |
_aSantiago de los Caballeros, República Dominicana : _bEl Diario, _c1945 |
|
| 300 |
_a286 páginas ; _c23 cm. |
||
| 336 |
_2rdacontent _atexto _btxt |
||
| 337 |
_2rdamedia _asin mediación _bn |
||
| 338 |
_2rdacarrier _avolumen _bnc |
||
| 500 | _aIncluye bibliografía y notas al pie de las páginas. | ||
| 500 | _aIncluye tabal afabética. | ||
| 590 | _aInventariado 2023 / MF | ||
| 650 | 4 |
_aDerecho penal _xLegislación _zRepública Dominicana _916570 |
|
| 650 | 4 |
_aProcedimiento penal _xLegislación _zRepública Dominicana _916571 |
|
| 650 | 4 |
_aLeyes _zRepública Dominicana _93033 |
|
| 700 | 1 |
_aCoiscou, Abigail A. _919671 _eautora |
|
| 910 | _aValidado. Control de calidad EMS | ||
| 942 |
_2ddc _cLBS1 |
||
| 999 |
_c15265 _d15265 |
||